[Event "Korosztályos Bajnokság u12f"]
[Site "Balatonlelle"]
[Date "2015.06.23"]
[Round "8.6"]
[White "Toth, Abel Levente"]
[Black "Bartok, David Dominik"]
[Result "1-0"]
[WhiteElo "1782"]
[BlackElo "1560"]
[PlyCount "91"]
[EventDate "2015.06.18"]
[EventType "swiss"]
[EventRounds "9"]
[EventCountry "HUN"]

1. e4 c6 2. Nf3 d5 3. Nc3 Bg4 4. h3 Bh5 5. d4 dxe4 6. Nxe4 Bxf3 7. gxf3 e6 8.
Be3 Nf6 9. Rg1 g6 10. Qd2 Nxe4 11. fxe4 Bg7 12. c3 Qa5 13. Bd3 Nd7 14. Bh6 Bf6
15. e5 Bxe5 16. dxe5 Nxe5 17. Be2 Qb5 18. Bxb5 Nf3+ 19. Ke2 Nxd2 20. Bxc6+ bxc6
21. Bxd2 Rb8 22. b3 Ke7 23. Rad1 Rbd8 24. Bf4 Rd5 25. Rxd5 cxd5 26. Rc1 Rc8 27.
c4 dxc4 28. Rxc4 Rxc4 29. bxc4 Kd7 30. Kd3 f6 31. Be3 a6 32. Ke4 Kc6 33. Bd4 e5
34. Bxe5 fxe5 35. Kxe5 Kc5 36. Kf6 Kxc4 37. Kg7 Kb4 38. Kxh7 g5 39. Kh6 Ka3 40.
Kxg5 a5 41. h4 Kxa2 42. h5 a4 43. h6 Kb1 44. h7 a3 45. h8=Q a2 46. f4 1-0

[Event "Korosztályos Bajnokság u12f"]
[Site "Balatonlelle"]
[Date "2015.06.23"]
[Round "8.7"]
[White "Geher, Koppany"]
[Black "Kelemen, Szabolcs"]
[Result "1-0"]
[WhiteElo "1615"]
[BlackElo "1781"]
[PlyCount "135"]
[EventDate "2015.06.18"]
[EventType "swiss"]
[EventRounds "9"]
[EventCountry "HUN"]

1. e4 c5 2. Nf3 Nc6 3. d4 cxd4 4. Nxd4 g6 5. c4 Nf6 6. Nc3 d6 7. Be2 Nxd4 8.
Qxd4 Bg7 9. Be3 O-O 10. Qd1 a5 11. f3 Bd7 12. Rc1 a4 13. O-O Qa5 14. Qd2 Be6
15. Nd5 Qxd2 16. Bxd2 Bxd5 17. cxd5 Nd7 18. Be3 Nc5 19. Bxc5 dxc5 20. Rc2 Ra5
21. Re1 b5 22. Kf1 b4 23. Bc4 Rb8 24. Re3 Bd4 25. Rd3 Ra7 26. Re2 Kg7 27. Ke1
Rb6 28. e5 g5 29. Kf1 Rh6 30. g3 Rb7 31. Kg2 Rbb6 32. Kh1 f6 33. e6 f5 34. Kg2
Kf6 35. Kf1 Rg6 36. Kg2 a3 37. b3 Rb8 38. Rd1 Rb6 39. Rd3 Be5 40. Rde3 Bd6 41.
Rd3 Rb8 42. Rd1 Rh8 43. Bd3 Rg7 44. g4 h5 45. gxf5 g4 46. fxg4 Rxg4+ 47. Kh1
Rhg8 48. Ree1 Rh4 49. Re2 Rg3 50. Bb1 Rgh3 51. Rdd2 Rc3 52. Rc2 Rf4 53. Kg2
Rxf5 54. Rxc3 Rg5+ 55. Rg3 Bxg3 56. hxg3 Rxd5 57. Bc2 Rg5 58. Kf3 Rd5 59. Be4
Re5 60. Bc6 Rf5+ 61. Kg2 Re5 62. Kf3 c4 63. Rxe5 Kxe5 64. Ba4 c3 65. Ke3 Kxe6
66. Be8 Kf5 67. Bxh5 e5 68. Bd1 1-0

[Event "Korosztályos Bajnokság u12f"]
[Site "Balatonlelle"]
[Date "2015.06.23"]
[Round "8.8"]
[White "Sagi, Kornel"]
[Black "Bakos, Balazs"]
[Result "0-1"]
[WhiteElo "1545"]
[BlackElo "1769"]
[PlyCount "104"]
[EventDate "2015.06.18"]
[EventType "swiss"]
[EventRounds "9"]
[EventCountry "HUN"]

1. e4 c5 2. Nf3 e6 3. d4 cxd4 4. Nxd4 Nc6 5. Nc3 Qc7 6. Ndb5 Qb8 7. Be3 a6 8.
Nd4 Nf6 9. a3 Be7 10. Be2 O-O 11. O-O d6 12. f4 Bd7 13. Nb3 Qc7 14. Kh1 Na5 15.
Nxa5 Qxa5 16. e5 dxe5 17. fxe5 Qxe5 18. Bf4 Qa5 19. Bf3 Qb6 20. Qd2 Rad8 21.
Be3 Bc5 22. Bxc5 Qxc5 23. Qe2 Bc6 24. Bxc6 Qxc6 25. Rf3 Rd4 26. Rg3 Ne4 27.
Nxe4 Qxe4 28. Qf2 f6 29. Re1 Qf4 30. Rf3 Qd2 31. Qe3 Qxe3 32. Rfxe3 e5 33. c3
Rd2 34. R3e2 Rfd8 35. g3 Kf7 36. Kg2 R8d3 37. Kf1 Ke6 38. Rxd2 Rxd2 39. Re2
Rxe2 40. Kxe2 Kd5 41. Kd3 b5 42. b3 f5 43. Ke3 g5 44. Kd3 e4+ 45. Ke3 Ke5 46.
h3 f4+ 47. gxf4+ gxf4+ 48. Ke2 e3 49. Kf3 Kd5 50. h4 h5 51. Ke2 Ke4 52. Ke1 f3
0-1

[Event "Korosztályos Bajnokság u12f"]
[Site "Balatonlelle"]
[Date "2015.06.23"]
[Round "8.9"]
[White "Dibusz, Domonkos"]
[Black "Szilagyi, Norbert"]
[Result "0-1"]
[WhiteElo "1656"]
[BlackElo "1634"]
[PlyCount "82"]
[EventDate "2015.06.18"]
[EventType "swiss"]
[EventRounds "9"]
[EventCountry "HUN"]

1. e4 c5 2. Nf3 e6 3. d4 cxd4 4. Nxd4 Nc6 5. Nc3 Qc7 6. Be3 Nf6 7. Qd2 Be7 8.
f3 a6 9. O-O-O O-O 10. g4 b5 11. Nb3 Rd8 12. Qf2 Rb8 13. h4 Na5 14. h5 Nc4 15.
g5 Nxe3 16. Qxe3 Ne8 17. f4 Bb7 18. Bd3 Nd6 19. Rhf1 Nc4 20. Qh3 Qb6 21. Rg1 a5
22. f5 a4 23. Na1 a3 24. b3 Nb2 25. Rdf1 Nxd3+ 26. Qxd3 Bc5 27. Rg3 Ba6 28. Qf3
exf5 29. Qxf5 Be3+ 30. Kb1 Rf8 31. Nd5 Qd4 32. c3 Qd3+ 33. Nc2 b4 34. Ndxe3
Qxc3 35. Nd1 Qxg3 36. Re1 Bd3 37. Re3 Bxc2+ 38. Kxc2 Qc7+ 39. Kd2 Rbc8 40. Ke2
Qh2+ 41. Kd3 Qc2+ 0-1

[Event "Korosztályos Bajnokság u12f"]
[Site "Balatonlelle"]
[Date "2015.06.23"]
[Round "8.11"]
[White "Pal, Istvan"]
[Black "Lakatos, Tamas"]
[Result "0-1"]
[WhiteElo "1591"]
[BlackElo "1559"]
[PlyCount "60"]
[EventDate "2015.06.18"]
[EventType "swiss"]
[EventRounds "9"]
[EventCountry "HUN"]

1. c4 e6 2. Nc3 d5 3. d4 c5 4. cxd5 exd5 5. Nf3 Nc6 6. e3 Nf6 7. Be2 Be7 8. O-O
O-O 9. h3 Bf5 10. a3 Ne4 11. Ne5 Nxc3 12. bxc3 Nxe5 13. dxe5 c4 14. f4 Qa5 15.
Bd2 Rfd8 16. Qe1 Bc5 17. Ra2 a6 18. g4 Be4 19. Qh4 Qb6 20. Qg3 Qa7 21. Re1 Rd7
22. Bf3 Rad8 23. Bxe4 dxe4 24. Bc1 Rd1 25. Rae2 R8d3 26. Rxd1 Rxd1+ 27. Re1
Rxc1 28. Rxc1 Bxe3+ 29. Kg2 Bxc1 30. Qh4 Qb6 0-1

[Event "Korosztályos Bajnokság u12f"]
[Site "Balatonlelle"]
[Date "2015.06.23"]
[Round "8.12"]
[White "Csontos, David"]
[Black "Csajbok, Levente Tamas"]
[Result "0-1"]
[WhiteElo "1602"]
[BlackElo "1586"]
[PlyCount "74"]
[EventDate "2015.06.18"]
[EventType "swiss"]
[EventRounds "9"]
[EventCountry "HUN"]

1. e4 e5 2. Nf3 Nc6 3. Bb5 a6 4. Ba4 Nf6 5. O-O b5 6. Bb3 Bc5 7. c3 d6 8. Re1
O-O 9. d4 Bb6 10. a4 Rb8 11. axb5 axb5 12. dxe5 Nxe5 13. Nxe5 dxe5 14. Qxd8
Rxd8 15. h3 h6 16. Be3 Bxe3 17. Rxe3 Bb7 18. f3 Nh5 19. Ra5 c6 20. Kh2 Nf4 21.
g3 Nd3 22. Ra2 Kf8 23. Bc2 Nc5 24. Re1 Bc8 25. Rd1 Rxd1 26. Bxd1 Be6 27. Ra7
Nd3 28. b4 Nf2 29. Be2 Nxh3 30. Ra6 Rc8 31. c4 bxc4 32. Bxc4 Bxc4 33. Ra5 Ng5
34. Nd2 Bb5 35. f4 exf4 36. gxf4 Ne6 37. Kg3 Rd8 0-1

[Event "Korosztályos Bajnokság u12f"]
[Site "Balatonlelle"]
[Date "2015.06.23"]
[Round "8.13"]
[White "Kiraly, Barnabas"]
[Black "Palczert, Botond"]
[Result "1/2-1/2"]
[WhiteElo "1442"]
[BlackElo "1614"]
[PlyCount "33"]
[EventDate "2015.06.18"]
[EventType "swiss"]
[EventRounds "9"]
[EventCountry "HUN"]

1. e4 c5 2. Nf3 Nc6 3. d4 cxd4 4. Nxd4 g6 5. c4 Bg7 6. Be3 Nf6 7. Nc3 O-O 8.
Be2 d6 9. f3 Bd7 10. Qd2 a5 11. O-O Nxd4 12. Bxd4 Bc6 13. Nd5 Nd7 14. a3 Nc5
15. Bxg7 Kxg7 16. b4 Ne6 17. Rfd1 1/2-1/2

[Event "Korosztályos Bajnokság u12f"]
[Site "Balatonlelle"]
[Date "2015.06.23"]
[Round "8.14"]
[White "Ronai, Akos Balazs"]
[Black "Bako, Martin"]
[Result "1-0"]
[WhiteElo "1607"]
[BlackElo "1421"]
[PlyCount "113"]
[EventDate "2015.06.18"]
[EventType "swiss"]
[EventRounds "9"]
[EventCountry "HUN"]

1. e4 d6 2. d4 Nf6 3. Nc3 g6 4. Bc4 Bg7 5. Nf3 O-O 6. O-O Nc6 7. d5 Nb8 8. h3
c6 9. Be3 cxd5 10. exd5 a6 11. a4 Bf5 12. Nd4 Qc8 13. Qe2 Re8 14. Nxf5 Qxf5 15.
Rad1 Ne4 16. Nxe4 Qxe4 17. Bd3 Qxa4 18. Ra1 Qd7 19. Bb5 Qd8 20. Bxe8 Qxe8 21.
c3 Nd7 22. Rfe1 Nf6 23. Rad1 Qd7 24. Bd4 Re8 25. Bxf6 Bxf6 26. Rd3 Qb5 27. Rf3
Qxe2 28. Rxe2 Kg7 29. Rd3 Rc8 30. Rc2 b5 31. Rc1 b4 32. Kf1 a5 33. Ke2 Bg5 34.
Ra1 Rc5 35. g3 Bf6 36. Kd2 bxc3+ 37. bxc3 Rb5 38. Kc2 h5 39. f4 Kf8 40. Ra3 Ke8
41. Rb3 Rc5 42. g4 hxg4 43. hxg4 Rc4 44. g5 Bg7 45. Rb8+ Kd7 46. Rg8 Bxc3 47.
Rxc3 Rxf4 48. Rcc8 e5 49. Ra8 Kc7 50. Rxa5 Kb6 51. Ra3 Kc5 52. Rd3 Rc4+ 53. Kd2
Rd4 54. Rxd4 Kxd4 55. Rf8 Kxd5 56. Rxf7 Ke4 57. Rf6 1-0

[Event "Korosztályos Bajnokság u12f"]
[Site "Balatonlelle"]
[Date "2015.06.23"]
[Round "8.15"]
[White "Follardt, Lorinc"]
[Black "Bernath, Bence"]
[Result "1-0"]
[WhiteElo "1498"]
[BlackElo "1196"]
[PlyCount "89"]
[EventDate "2015.06.18"]
[EventType "swiss"]
[EventRounds "9"]
[EventCountry "HUN"]

1. f4 Nf6 2. d4 g6 3. e3 Bg7 4. Bd3 d6 5. Nf3 O-O 6. Nbd2 Qe8 7. e4 Nbd7 8. O-O
e5 9. dxe5 dxe5 10. f5 Nc5 11. b3 Nxd3 12. cxd3 gxf5 13. Ba3 fxe4 14. dxe4 Ng4
15. Re1 Qc6 16. Rc1 Qf6 17. Bxf8 Bxf8 18. Qe2 Qb6+ 19. Kf1 Bd7 20. Nc4 Bb5 21.
Nxb6 Bxe2+ 22. Rxe2 cxb6 23. Rc7 Bc5 24. h3 Ne3+ 25. Ke1 Bb4+ 26. Kf2 Nd1+ 27.
Kg3 Kh8 28. Rxf7 Rg8+ 29. Kh2 Nc3 30. Rc2 Nb5 31. Rxb7 Rf8 32. a4 Nd6 33. Rxa7
Nxe4 34. Rc4 Bd6 35. Rxe4 Rf4 36. Rxf4 e4 37. Kg3 e3 38. Ne1 Bxf4+ 39. Kxf4 e2
40. Ke3 b5 41. axb5 h5 42. b6 Kg8 43. Rc7 Kf8 44. b7 Ke8 45. b8=R# 1-0

[Event "Korosztályos Bajnokság u12f"]
[Site "Balatonlelle"]
[Date "2015.06.23"]
[Round "8.17"]
[White "Varga, Boldizsar"]
[Black "Fabian, Bence"]
[Result "1/2-1/2"]
[WhiteElo "1267"]
[BlackElo "1427"]
[PlyCount "45"]
[EventDate "2015.06.18"]
[EventType "swiss"]
[EventRounds "9"]
[EventCountry "HUN"]

1. d4 d5 2. c4 c6 3. Nf3 Bf5 4. Bf4 dxc4 5. e3 e6 6. Bxc4 Bd6 7. Bxd6 Qxd6 8.
Nc3 Ne7 9. O-O O-O 10. Rc1 Nd7 11. Bd3 Bxd3 12. Qxd3 Ng6 13. Rfd1 Nb6 14. Ne4
Qc7 15. Rc2 Rfe8 16. Nc3 Qe7 17. Rcd2 h6 18. b3 e5 19. dxe5 Nxe5 20. Nxe5 Qxe5
21. Qd4 Qxd4 22. Rxd4 Kf8 23. Kf1 1/2-1/2

[Event "Korosztályos Bajnokság u12f"]
[Site "Balatonlelle"]
[Date "2015.06.23"]
[Round "8.18"]
[White "Kratzmajer, Akos Gyorgy"]
[Black "Forgacs, Attila Jr"]
[Result "0-1"]
[WhiteElo "1434"]
[BlackElo "1372"]
[PlyCount "118"]
[EventDate "2015.06.18"]
[EventType "swiss"]
[EventRounds "9"]
[EventCountry "HUN"]

1. e4 e5 2. Nf3 Nc6 3. d4 exd4 4. Nxd4 Nf6 5. Nc3 Bb4 6. Nxc6 bxc6 7. Bd3 O-O
8. O-O d5 9. exd5 cxd5 10. Bg5 c6 11. Qf3 Be7 12. h3 Nd7 13. Bxe7 Qxe7 14. Rfe1
Qd6 15. Qe2 Nc5 16. Rad1 Nxd3 17. Rxd3 Ba6 18. Ne4 Bxd3 19. Qxd3 Qg6 20. Nc5
Qxd3 21. Nxd3 Rfe8 22. Kf1 Rxe1+ 23. Kxe1 f6 24. f4 Kf7 25. f5 g6 26. fxg6+
hxg6 27. h4 Rh8 28. g3 Re8+ 29. Kd2 Re4 30. Nf2 Re7 31. Nd3 Ke6 32. g4 Rh7 33.
h5 gxh5 34. Nf4+ Ke5 35. Nd3+ Kd6 36. gxh5 Rxh5 37. Ke3 Rh3+ 38. Kd2 Rxd3+ 39.
cxd3 d4 40. Ke2 Ke5 41. Kf3 f5 42. b4 Kf6 43. Kf4 Kg6 44. a3 Kf6 45. a4 a6 46.
a5 Kg6 47. Ke5 Kg5 48. Kxd4 f4 49. Kc5 f3 50. Kxc6 f2 51. Kb6 f1=Q 52. Kxa6
Qxd3+ 53. b5 Kf6 54. Kb6 Ke7 55. a6 Kd7 56. a7 Qd5 57. Ka6 Kc8 58. b6 Qb7+ 59.
Kb5 Kd7 0-1

[Event "Korosztályos Bajnokság u12f"]
[Site "Balatonlelle"]
[Date "2015.06.24"]
[Round "9.1"]
[White "Leszko, Bence"]
[Black "Krstulovic, Alex"]
[Result "0-1"]
[WhiteElo "1888"]
[BlackElo "2210"]
[PlyCount "96"]
[EventDate "2015.06.18"]
[EventType "swiss"]
[EventRounds "9"]
[EventCountry "HUN"]
[WhiteClock "0:35:01"]
[BlackClock "0:41:12"]

1. e4 c5 2. Nf3 d6 3. Bb5+ Nd7 4. O-O Ngf6 5. Re1 a6 6. Bxd7+ Bxd7 7. c3 Bc6 8.
e5 dxe5 9. Nxe5 Qd5 10. Nxc6 Qxc6 11. Na3 e6 12. Nc4 Be7 13. Ne5 Qd5 14. Qf3
Rd8 15. d4 cxd4 16. cxd4 Qxd4 17. Bg5 Qd5 18. Rad1 Qxf3 19. Rxd8+ Bxd8 20. gxf3
h6 21. Rd1 Be7 22. Rc1 hxg5 23. Rc8+ Bd8 24. Rxd8+ Kxd8 25. Nxf7+ Ke7 26. Nxh8
Nh7 27. h4 Kf6 28. h5 Nf8 29. Kg2 a5 30. Kg3 e5 31. Kg4 a4 32. b4 a3 33. b5 b6
34. Kg3 Ne6 35. Ng6 Nd4 36. Nf8 Ke7 37. Ng6+ Kd6 38. Kg4 Nxb5 39. Kxg5 Nd4 40.
f4 b5 41. f5 b4 42. f6 gxf6+ 43. Kxf6 b3 44. h6 b2 45. h7 b1=Q 46. h8=Q Qf5+
47. Kg7 Ne6+ 48. Kh7 Qh5+ 0-1

[Event "Korosztályos Bajnokság u12f"]
[Site "Balatonlelle"]
[Date "2015.06.24"]
[Round "9.2"]
[White "Kovacsy, Barnabas"]
[Black "Karacsonyi, Gellert"]
[Result "0-1"]
[WhiteElo "1898"]
[BlackElo "2033"]
[PlyCount "44"]
[EventDate "2015.06.18"]
[EventType "swiss"]
[EventRounds "9"]
[EventCountry "HUN"]
[WhiteClock "0:18:36"]
[BlackClock "0:33:34"]

1. e4 e6 2. d4 d5 3. Nc3 Bb4 4. e5 c5 5. a3 Bxc3+ 6. bxc3 Ne7 7. Qg4 cxd4 8.
Bd3 Qc7 9. Ne2 dxc3 10. Qxg7 Rg8 11. Qxh7 Qxe5 12. h4 Rg4 13. Bg5 Nbc6 14. Bb5
Rxg2 15. f4 Qe3 16. Qh8+ Kd7 17. Qf8 Rxe2+ 18. Bxe2 Nd4 19. Qxe7+ Kc6 20. Qe8+
Bd7 21. Qxd7+ Kxd7 22. Rh2 Nf3+ 0-1

[Event "Korosztályos Bajnokság u12f"]
[Site "Balatonlelle"]
[Date "2015.06.24"]
[Round "9.3"]
[White "Bakos, Balazs"]
[Black "Persanyi, Barnabas"]
[Result "0-1"]
[WhiteElo "1769"]
[BlackElo "2032"]
[PlyCount "112"]
[EventDate "2015.06.18"]
[EventType "swiss"]
[EventRounds "9"]
[EventCountry "HUN"]
[WhiteClock "0:21:48"]
[BlackClock "0:36:06"]

1. e4 c5 2. Nf3 Nc6 3. d4 cxd4 4. Nxd4 Nf6 5. Nc3 g6 6. Be3 Bg7 7. f3 O-O 8.
Qd2 d5 9. exd5 Nxd5 10. Nxd5 Qxd5 11. Nxc6 Qxc6 12. c3 Be6 13. Be2 Rfd8 14. Qc2
Bf5 15. Qc1 Bd3 16. Bxd3 Rxd3 17. O-O Rad8 18. Re1 e6 19. Kh1 h5 20. Qc2 a6 21.
Rad1 Rxd1 22. Rxd1 Rd5 23. a3 Qd7 24. Rxd5 Qxd5 25. Qd2 Qxd2 26. Bxd2 Kf8 27.
Kg1 Ke7 28. Kf2 Kd6 29. Ke2 f5 30. Kd3 Be5 31. h3 Bf6 32. Be3 b5 33. b3 e5 34.
c4 Kc6 35. a4 bxa4 36. bxa4 Be7 37. Kc3 Bc5 38. Bxc5 Kxc5 39. h4 a5 40. g3 e4
41. f4 e3 42. Kd3 e2 43. Kxe2 Kxc4 44. Ke3 Kc3 45. Ke2 Kb4 46. Kd3 Kxa4 47. Kd4
Kb5 48. Ke5 a4 49. Kf6 a3 50. Kxg6 a2 51. Kxh5 a1=Q 52. Kg6 Qh8 53. h5 Qg8+ 54.
Kxf5 Qxg3 55. h6 Qg8 56. Kf6 Kc6 0-1

[Event "Korosztályos Bajnokság u12f"]
[Site "Balatonlelle"]
[Date "2015.06.24"]
[Round "9.4"]
[White "Fodor, Kornel"]
[Black "Toth, Abel Levente"]
[Result "0-1"]
[WhiteElo "1423"]
[BlackElo "1782"]
[PlyCount "90"]
[EventDate "2015.06.18"]
[EventType "swiss"]
[EventRounds "9"]
[EventCountry "HUN"]

1. c4 e5 2. Nc3 Nf6 3. g3 Bb4 4. Bg2 O-O 5. Nf3 Re8 6. O-O h6 7. d3 Bxc3 8.
bxc3 e4 9. Nd4 Nc6 10. Rb1 Ne5 11. f4 exf3 12. Nxf3 d6 13. Bd2 Rb8 14. Qe1 Nxd3
15. Qd1 Nc5 16. Nd4 Be6 17. Qc1 Nh7 18. h4 Qe7 19. Nxe6 Nxe6 20. Bxb7 Nc5 21.
Bd5 Rxb1 22. Qxb1 Nf6 23. e3 Nxd5 24. cxd5 Ne4 25. Be1 Qe5 26. Rf3 Qxd5 27. Qb3
Qxb3 28. axb3 Re6 29. c4 Rf6 30. Rxf6 Nxf6 31. Ba5 c6 32. Bc7 d5 33. cxd5 Nxd5
34. Bb8 Nxe3 35. Bxa7 Nd5 36. Kf2 h5 37. Ke2 f6 38. Kd3 Kf7 39. Kc4 Ke6 40. Bf2
Ne7 41. Kd4 Nf5+ 42. Ke4 g6 43. Kf4 Kd5 44. Bb6 Nd4 45. Bd8 Ne6+ 0-1

[Event "Korosztályos Bajnokság u12f"]
[Site "Balatonlelle"]
[Date "2015.06.24"]
[Round "9.5"]
[White "Ongut, Tamas Gunes"]
[Black "Karko, Balint"]
[Result "1-0"]
[WhiteElo "1703"]
[BlackElo "1290"]
[PlyCount "75"]
[EventDate "2015.06.18"]
[EventType "swiss"]
[EventRounds "9"]
[EventCountry "HUN"]

1. e4 e5 2. Nf3 Nc6 3. Bc4 Bc5 4. Nc3 Nf6 5. d3 h6 6. h3 d6 7. a3 Be6 8. Be3
Bb6 9. Bxe6 fxe6 10. d4 exd4 11. Nxd4 Nxd4 12. Bxd4 e5 13. Bxb6 axb6 14. Qd3
O-O 15. O-O-O Kh8 16. g4 Nd7 17. Qe2 Qg5+ 18. Kb1 Qf4 19. Rhf1 Nc5 20. Rd2 Qf3
21. Rg1 Qxh3 22. g5 Ne6 23. gxh6 gxh6 24. Rdd1 Qf3 25. Qc4 Nc5 26. Rh1 Kh7 27.
Rh2 Ra4 28. Qd5 Raa8 29. Rdh1 Rf6 30. Qd2 Qf4 31. Qxf4 Rxf4 32. Rxh6+ Kg7 33.
Rh7+ Kg6 34. Rxc7 Rxf2 35. Rhh7 Kg5 36. Rcg7+ Kf4 37. Rf7+ Ke3 38. Nd1+ 1-0

[Event "Korosztályos Bajnokság u12f"]
[Site "Balatonlelle"]
[Date "2015.06.24"]
[Round "9.6"]
[White "Losonczi, Marcell"]
[Black "Geher, Koppany"]
[Result "1/2-1/2"]
[WhiteElo "1672"]
[BlackElo "1615"]
[PlyCount "62"]
[EventDate "2015.06.18"]
[EventType "swiss"]
[EventRounds "9"]
[EventCountry "HUN"]

1. e4 e6 2. d4 d5 3. exd5 exd5 4. c4 c6 5. Nc3 Nf6 6. Bd3 Bd6 7. Nf3 Bg4 8. O-O
O-O 9. Bg5 dxc4 10. Bxc4 Nbd7 11. Qd3 Bxf3 12. Qxf3 h6 13. Bf4 Nb6 14. Bb3 Qc7
15. Bxh6 gxh6 16. Qxf6 Bxh2+ 17. Kh1 Qf4 18. Qxf4 Bxf4 19. g3 Bg5 20. d5 cxd5
21. Nxd5 Nxd5 22. Bxd5 Bf6 23. Rab1 Rfd8 24. Bxb7 Rab8 25. Bf3 Rd2 26. Kg2
Rbxb2 27. Rxb2 Rxb2 28. Bd5 Bd4 29. g4 Kg7 30. Kg3 Rd2 31. Bb3 Bb6 1/2-1/2

[Event "Korosztályos Bajnokság u12f"]
[Site "Balatonlelle"]
[Date "2015.06.24"]
[Round "9.7"]
[White "Forgacs, Andras"]
[Black "Szilagyi, Norbert"]
[Result "1-0"]
[WhiteElo "1699"]
[BlackElo "1634"]
[PlyCount "137"]
[EventDate "2015.06.18"]
[EventType "swiss"]
[EventRounds "9"]
[EventCountry "HUN"]

1. g3 Nf6 2. Bg2 g6 3. Nf3 Bg7 4. O-O O-O 5. d3 d6 6. c4 e5 7. Nc3 Nc6 8. Bg5
h6 9. Bd2 Be6 10. Qb3 Qd7 11. Ne1 Rab8 12. Nc2 Bh3 13. f4 Bxg2 14. Kxg2 exf4
15. Bxf4 g5 16. Bd2 Rfe8 17. e4 Ne7 18. Ne3 c6 19. Qa4 a6 20. Nf5 Nxf5 21. Rxf5
Re5 22. Raf1 Qe7 23. h3 Rd8 24. Qb3 Rd7 25. Qb4 Qe6 26. R5f2 Qe7 27. Na4 Re6
28. Nb6 Rd8 29. Bc3 Rf8 30. e5 Nd7 31. exd6 Qxd6 32. Qxd6 Rxd6 33. Bb4 c5 34.
Nxd7 Rxd7 35. Bxc5 Re8 36. b4 Re6 37. d4 Bxd4 38. Rd2 Re4 39. Rfd1 Bxc5 40.
Rxd7 Bxb4 41. Rxb7 Rxc4 42. Rf1 Rc2+ 43. Kh1 a5 44. Rfxf7 Rc1+ 45. Kg2 Rc2+ 46.
Kf3 Rc1 47. Kg4 Bf8 48. Kh5 Rc3 49. Kg6 Rc6+ 50. Rf6 Rc8 51. Rbf7 Bb4 52. Rg7+
Kh8 53. Kxh6 Bf8 54. Rxf8+ Rxf8 55. Rxg5 Ra8 56. a4 Ra6+ 57. Rg6 Ra7 58. h4 Ra8
59. Rb6 Rc8 60. g4 Kg8 61. g5 Rc4 62. h5 Rxa4 63. g6 Rf4 64. Rb8+ Rf8 65. Rxf8+
Kxf8 66. g7+ Kg8 67. Kg6 a4 68. h6 a3 69. h7# 1-0

[Event "Korosztályos Bajnokság u12f"]
[Site "Balatonlelle"]
[Date "2015.06.24"]
[Round "9.8"]
[White "Lakatos, Tamas"]
[Black "Dibusz, Domonkos"]
[Result "0-1"]
[WhiteElo "1559"]
[BlackElo "1656"]
[PlyCount "52"]
[EventDate "2015.06.18"]
[EventType "swiss"]
[EventRounds "9"]
[EventCountry "HUN"]

1. e4 e5 2. Nf3 Nc6 3. c3 d5 4. Qa4 f6 5. Bb5 Nge7 6. d3 a6 7. O-O Bg4 8. Bxc6+
Nxc6 9. Nfd2 Be2 10. Re1 Bxd3 11. exd5 Qxd5 12. Nb3 Bc4 13. N3d2 b5 14. Qc2 Bd3
15. Qd1 Be7 16. Qg4 f5 17. Qh5+ Qf7 18. Qh3 Bxb1 19. Rxb1 O-O 20. Nf3 e4 21.
Nd4 Ne5 22. Bf4 Nd3 23. Bxc7 Nxe1 24. Rxe1 Rac8 25. Be5 Bf6 26. Qxf5 Bxe5 0-1

[Event "Korosztályos Bajnokság u12f"]
[Site "Balatonlelle"]
[Date "2015.06.24"]
[Round "9.9"]
[White "Csajbok, Levente Tamas"]
[Black "Hegedus, Dominik"]
[Result "0-1"]
[WhiteElo "1586"]
[BlackElo "1847"]
[PlyCount "56"]
[EventDate "2015.06.18"]
[EventType "swiss"]
[EventRounds "9"]
[EventCountry "HUN"]

1. d4 Nf6 2. c4 c5 3. Nf3 e6 4. a3 cxd4 5. Nxd4 Nc6 6. Nc3 Bc5 7. Nxc6 bxc6 8.
e4 Qb6 9. Qf3 Qc7 10. Bg5 Be7 11. Be2 Bb7 12. O-O O-O 13. Rad1 d5 14. Bd3 d4
15. Ne2 e5 16. Ng3 h6 17. Bxf6 Bxf6 18. Nh5 Be7 19. Qg4 g6 20. h4 Bc8 21. Qf3
gxh5 22. Qxh5 Qd6 23. f4 Qg6 24. Qe2 Bg4 25. Qd2 Bxd1 26. Qxd1 Bxh4 27. Rf3 Bg3
28. f5 Qg5 0-1

[Event "Korosztályos Bajnokság u12f"]
[Site "Balatonlelle"]
[Date "2015.06.24"]
[Round "9.10"]
[White "Kelemen, Szabolcs"]
[Black "Sagi, Kornel"]
[Result "1-0"]
[WhiteElo "1781"]
[BlackElo "1545"]
[PlyCount "47"]
[EventDate "2015.06.18"]
[EventType "swiss"]
[EventRounds "9"]
[EventCountry "HUN"]

1. e4 e5 2. Nc3 Nc6 3. Bc4 Nf6 4. d3 Bc5 5. Be3 Bxe3 6. fxe3 d6 7. Nf3 Bg4 8.
O-O Qd7 9. Qe1 h6 10. Qg3 Nh5 11. Bxf7+ Qxf7 12. Qxg4 Nf6 13. Qh3 Nb4 14. Rf2
Rh7 15. a3 Na6 16. Raf1 Qe7 17. Qf5 Rh8 18. Qg6+ Kd7 19. Nd5 Nxd5 20. exd5 Raf8
21. Nxe5+ Kc8 22. Rxf8+ Rxf8 23. Rxf8+ Qxf8 24. Qg4+ 1-0

[Event "Korosztályos Bajnokság u12f"]
[Site "Balatonlelle"]
[Date "2015.06.24"]
[Round "9.11"]
[White "Bartok, David Dominik"]
[Black "Ronai, Akos Balazs"]
[Result "0-1"]
[WhiteElo "1560"]
[BlackElo "1607"]
[PlyCount "100"]
[EventDate "2015.06.18"]
[EventType "swiss"]
[EventRounds "9"]
[EventCountry "HUN"]

1. e4 c5 2. c3 d5 3. exd5 Qxd5 4. d4 Nc6 5. Be3 cxd4 6. cxd4 Nf6 7. Nc3 Qd6 8.
Nf3 e6 9. a3 Be7 10. Bc4 O-O 11. O-O b6 12. Qe2 Bb7 13. Rfd1 Na5 14. Ba2 Nd5
15. Nxd5 Bxd5 16. Bxd5 Qxd5 17. Rac1 Rac8 18. Qa6 Nc4 19. Re1 Qa5 20. Qxa5 Nxa5
21. d5 Bf6 22. b4 Nc4 23. dxe6 fxe6 24. a4 Nxe3 25. Rxc8 Rxc8 26. fxe3 Rc4 27.
Rb1 Kf7 28. Rd1 Ke7 29. Nd4 Bxd4 30. Rxd4 Rxd4 31. exd4 Kd6 32. Kf2 Kd5 33. Ke3
Kc4 34. Ke4 Kxb4 35. Ke5 Kc4 36. Kxe6 Kxd4 37. Kf7 a6 38. Kxg7 b5 39. axb5 axb5
40. Kxh7 b4 41. g4 b3 42. g5 b2 43. h4 b1=Q+ 44. g6 Qh1 45. g7 Qxh4+ 46. Kg6
Qg4+ 47. Kf7 Qf5+ 48. Ke7 Qg6 49. Kf8 Qf6+ 50. Kg8 Ke5 0-1

[Event "Korosztályos Bajnokság u12f"]
[Site "Balatonlelle"]
[Date "2015.06.24"]
[Round "9.12"]
[White "Palczert, Botond"]
[Black "Follardt, Lorinc"]
[Result "0-1"]
[WhiteElo "1614"]
[BlackElo "1498"]
[PlyCount "72"]
[EventDate "2015.06.18"]
[EventType "swiss"]
[EventRounds "9"]
[EventCountry "HUN"]

1. e4 d6 2. d4 Nf6 3. Nc3 g6 4. f4 Bg7 5. Nf3 O-O 6. Bc4 Bg4 7. O-O Nbd7 8. e5
dxe5 9. fxe5 Ne8 10. Qe1 Bxf3 11. Rxf3 Nxe5 12. dxe5 Qd4+ 13. Kh1 Qxc4 14. Rh3
f6 15. e6 Nd6 16. Rh4 Qc5 17. Bf4 Nf5 18. Rh3 Rfd8 19. Rd1 Rd4 20. Bc1 Rad8 21.
Rxd4 Rxd4 22. Qf2 Rc4 23. Qf3 Qb6 24. Qe2 Rc6 25. Rd3 Rxe6 26. Qf1 Rd6 27. Rf3
Qc6 28. Be3 Nxe3 29. Rxe3 e5 30. Qe2 a6 31. Ne4 Rd7 32. h3 f5 33. Nc3 e4 34. h4
Rd6 35. Nxe4 fxe4 36. Rxe4 Rf6 0-1

[Event "Korosztályos Bajnokság u12f"]
[Site "Balatonlelle"]
[Date "2015.06.24"]
[Round "9.15"]
[White "Blahota, Marcell"]
[Black "Varga, Boldizsar"]
[Result "1-0"]
[WhiteElo "1472"]
[BlackElo "1267"]
[PlyCount "57"]
[EventDate "2015.06.18"]
[EventType "swiss"]
[EventRounds "9"]
[EventCountry "HUN"]

1. e4 c5 2. Nf3 Nc6 3. d4 cxd4 4. Nxd4 Nf6 5. Nc3 d6 6. Bc4 e6 7. Bb3 a6 8. O-O
Be7 9. Be3 O-O 10. Qe2 h6 11. Rad1 Qc7 12. Rfe1 Re8 13. a3 b5 14. Nxc6 Qxc6 15.
f3 Bb7 16. Qd2 Rad8 17. Qd3 Qc7 18. Qe2 Rd7 19. Bd4 Rc8 20. e5 Ne8 21. Kh1 d5
22. Qd3 Bc5 23. Ne2 Qb6 24. c3 Nc7 25. Bc2 g6 26. Qe3 Bxd4 27. Nxd4 Kg7 28.
Nf5+ exf5 29. Qxb6 1-0